000 00329nam a2200145Ia 4500
008 100204s9999 xx 000 0 und d
082 _b21071
100 _aASSAEL MICHAEL
245 _aMONEY SMART
260 _bPPLAYBOY PAPERBACK
_c1982
300 _a285
630 _aMONEY SMART
730 _aMONEY SMART
942 _cBOOK
999 _c465895
_d465892